000 00284nam a2200109Ia 4500
008 220204s9999 xx 000 0 und d
082 _a658.7
_bKIV
100 _aKivenko, Kenneth
245 0 _aManaging work in process inventory
260 _aNew York
_bMarcel Dekker
_c1981
942 _cBK
999 _c36294
_d36294